000 00629cab a2200217 4500
001 WB3017-03
008 090401t1994 xxu||||| |||| 00| 0 eng d
035 _a(Sirsi) u41710
041 _aeng
245 _aPounds, pioneers and more pounds
260 _c1994
350 _a0
490 _aFinancial Times
_v3 May 1994, 18(1)
520 _aDiscusses major construction projects which have over spent taking the Channel Tunnel as an example.
650 _aCHANNEL TUNNEL
650 _aOVERSPEND
690 _aBUILT ENVIRONMENT-BUILDING COSTS
690 _aProject management
_96261
942 _n0
948 _c04/03/1997
999 _c26773
_d26773